Social Connections in China: Institutions, Culture, and the Changing Nature of Guanxi (Record no. 612697)

MARC details
000 -LEADER
fixed length control field 01119nam a2200181 a 4500
008 - FIXED-LENGTH DATA ELEMENTS--GENERAL INFORMATION
fixed length control field 260215s2026##################000#0#eng##
020 ## - INTERNATIONAL STANDARD BOOK NUMBER
ISBN 9780521812337
082 04 - DEWEY DECIMAL CLASSIFICATION NUMBER
Classification number 302.4
Item number GOL
100 ## - MAIN ENTRY--AUTHOR NAME
Personal name Gold Thomas
245 10 - TITLE STATEMENT
Title Social Connections in China: Institutions, Culture, and the Changing Nature of Guanxi
Statement of responsibility, etc / Thomas Gold , Doug Guthrie , David L. Wank
260 ## - PUBLICATION, DISTRIBUTION, ETC. (IMPRINT)
Name of publisher Cambridge Univ Pr
Year of publication 2002.
300 ## - PHYSICAL DESCRIPTION
Number of Pages 275p,;
Dimensions 22 cm.
504 ## - BIBLIOGRAPHY, ETC. NOTE
Bibliography, etc Includes index
520 ## - SUMMARY, ETC.
Summary, etc Guanxi, loosely translated as "social connections," or "social networks," is among the most important, talked about, and studied phenomena in China today. Guanxi lies at the heart of China's social order, its economic structure, and its changing institutional landscape. It is considered important in most every realm of life, from politics to business, and from officialdom to street life. This volume offers the latest scholarly thinking on the subject by top China sociologists whose work on guanxi has been influential and by new scholars offering cutting-edge insights on the topic.
650 ## - SUBJECT ADDED ENTRY--TOPICAL TERM
Topical Term sociology
942 ## - ADDED ENTRY ELEMENTS (KOHA)
Koha item type Reference
Holdings
Withdrawn status Lost status Damaged status Not for loan Home library Current library Shelving location Date acquired Full call number Accession Number Price effective from Koha item type
        Anna Centenary Library Anna Centenary Library 3RD FLOOR, B WING 15.02.2026 302.4 GOL 283604 15.02.2026 English Books

Find us on the map